01052cam a2200265 a 4500001000800000005001700008008004100025010001700066020001500083035002000098040002200118042001400140050002200154245009000176250001200266260005000278300004400328500011000372500012200482500006700604500002000671650001400691700002700705700005400732436382220170121145935.0930914s1992 ohua 001 0 eng d a 90062303  a0538612177 a(OCoLC)24124086 aMiYEMcMiYEMdDLC alccopycat00aHF5356b.D27 199200aIntroduction to business :bthe economy and you /cAnne Scott Daughtrey ... [et al.]. a2nd ed. aCincinnati :bSouth-Western Pub. Co.,cc1992. ax, 662 p. :bill. (some col.) ;c24 cm. aRev. ed. of: Introduction to business / Anne Scott Daughtrey, Robert A. Ristau, Steven A. Eggland. c1986. a"Retains much of the ... context developed through 12 editions of General business for economic understanding"--Pref. aAppendix A, Finding and using information sources: p. 603-609. aIncludes index. 0aBusiness.1 aDaughtrey, Anne Scott.1 aDaughtrey, Anne Scott.tIntroduction to business.